Aprendiendo a escribir en las disciplinas: articulación entre el currículum escolar y el universitario
Guardat en:
| Autors principals: | , , , |
|---|---|
| Format: | Llibre |
| Idioma: | espanyol |
| Publicat: |
Valparaíso
Ediciones Universitarias de Valparaíso
2009
|
| Edició: | 1a. ed |
| Col·lecció: | Educación
|
| Matèries: | |
| Etiquetes: |
Afegir etiqueta
Sense etiquetes, Sigues el primer a etiquetar aquest registre!
|
MARC
| LEADER | 00000nam a2200000 a 4500 | ||
|---|---|---|---|
| 001 | UCH8657 | ||
| 003 | CL-VaPUC | ||
| 005 | 20231023125728.0 | ||
| 008 | 091203e20090000CL |||||||||||||||||spa|d | ||
| 999 | |c 338850 |d 338848 | ||
| 020 | |a 9789561704442 | ||
| 040 | |c Pontificia Universidad Católica de Valparaíso | ||
| 082 | 0 | 4 | |a 370 |b MAR |2 21 |
| 100 | |a Marinkovich Ravena, Juana Teresa |e autora |9 567399 | ||
| 245 | 1 | 0 | |a Aprendiendo a escribir en las disciplinas: articulación entre el currículum escolar y el universitario |
| 250 | |a 1a. ed | ||
| 260 | |a Valparaíso |b Ediciones Universitarias de Valparaíso |c 2009 | ||
| 300 | |a 173 p | ||
| 490 | 0 | |a Educación | |
| 583 | |a last modification |c 20091203 00:00:00 |k Rodrigo Vera | ||
| 650 | 7 | |a Redacción de informes |2 CL-VaPUC |9 545344 | |
| 650 | 0 | |a Enseñanza de la escritura |9 307377 | |
| 650 | 0 | |a Métodos de enseñanza |9 270413 | |
| 650 | 0 | |a Técnicas de redacción |9 460283 | |
| 700 | 0 | |a Velásquez Rivera, Marisol |e author |9 545341 | |
| 700 | 0 | |a Salazar Parra, Juan |e author |9 545342 | |
| 700 | 0 | |a Córdova Jiménez, Alejandro |e author |9 545343 | |
| 942 | |c BK |2 ddc | ||
| 945 | |d 20091203 00:00:00 |a cmena | ||
| 952 | |0 0 |1 0 |4 0 |6 370_000000000000000_MAR_2009 |7 0 |8 A |9 432042 |a BIBCUR |b BIBCUR |d 2019-11-22 |i 4603583 |o 370 MAR 2009 |p 4603583 |r 2025-04-22 |w 2019-11-22 |y BK |k CAC | ||
| 952 | |0 0 |1 0 |4 0 |6 370_000000000000000_MAR_2009 |7 0 |8 A |9 432043 |a BIBCUR |b BIBCUR |d 2019-11-22 |i 4603591 |o 370 MAR 2009 |p 4603591 |r 2025-04-22 |w 2019-11-22 |y BK |k CAC | ||
| 952 | |0 0 |1 0 |4 0 |6 370_000000000000000_MAR_2009 |7 0 |8 A |9 432044 |a BIBCUR |b BIBCUR |d 2019-11-22 |i 4603605 |o 370 MAR 2009 |p 4603605 |r 2025-04-22 |w 2019-11-22 |y BK |k CAC | ||
| 952 | |0 0 |1 0 |4 0 |6 370_000000000000000_MAR_2009 |7 0 |8 A |9 432045 |a BIBCUR |b BIBCUR |d 2019-11-22 |i 4603613 |o 370 MAR 2009 |p 4603613 |r 2025-04-22 |w 2019-11-22 |y BK |k CAC | ||
| 952 | |0 0 |1 0 |4 0 |6 370_000000000000000_MAR_2009 |7 0 |8 A |9 432046 |a BIBCUR |b BIBCUR |d 2019-11-22 |i 4603621 |o 370 MAR 2009 |p 4603621 |r 2025-04-22 |w 2019-11-22 |y BK |k CAC | ||
| 952 | |0 0 |1 0 |4 0 |6 370_000000000000000_MAR_2009 |7 0 |8 A |9 432047 |a BIBCUR |b BIBCUR |d 2019-11-22 |i 460363K |o 370 MAR 2009 |p 460363K |r 2025-04-22 |w 2019-11-22 |y BK |k CAC | ||
| 952 | |0 0 |1 0 |4 0 |6 370_000000000000000_MAR_2009 |7 0 |8 A |9 432048 |a BIBCUR |b BIBCUR |d 2019-11-22 |i 4603648 |o 370 MAR 2009 |p 4603648 |r 2025-04-22 |w 2019-11-22 |y BK |k CAC | ||
| 952 | |0 0 |1 0 |4 0 |6 370_000000000000000_MAR_2009 |7 0 |8 A |9 432049 |a BIBCUR |b BIBCUR |d 2019-11-22 |i 4603656 |o 370 MAR 2009 |p 4603656 |r 2025-04-22 |w 2019-11-22 |y BK |k CAC | ||
| 952 | |0 0 |1 0 |4 0 |6 370_000000000000000_MAR_2009 |7 0 |8 A |9 432050 |a BIBCUR |b BIBCUR |d 2019-11-22 |i 4603664 |l 2 |o 370 MAR 2009 |p 4603664 |r 2025-04-22 |s 2022-02-23 |w 2019-11-22 |y BK |k CAC | ||
| 952 | |0 0 |1 0 |4 0 |6 370_000000000000000_MAR_2009 |7 0 |8 A |9 432051 |a BIBCUR |b BIBCUR |d 2019-11-22 |i 4603672 |o 370 MAR 2009 |p 4603672 |r 2025-04-22 |w 2019-11-22 |y BK |k CAC | ||